000 00449nam a2200169 a 4500
001 0000-8795
003 ELIB.Books
008 110520 1953
035 _a(ELIB.Books)0000-8941
082 _a820.3
_bRog
100 _aRoget, Peter Mark
245 _aThesaurus of English Words and Phrases
260 _bHarmondsworth: Penguin Books
_c1953
650 _aEnglish Literature
942 _2ddc
_cBK
998 _cbat
_e2011-05-20
999 _c8795
_d8795